| 000 | 00000cam 2200000zi 4500 |
| 001 | 9.963284 |
| 003 | CaOODSP |
| 005 | 20260605103420 |
| 006 | m o d f |
| 007 | cr |n||||||||| |
| 008 | 260603e199703 onca ob f000 0 fre d |
| 040 | |aCaOODSP|bfre|erda|cCaOODSP |
| 043 | |an-cn--- |
| 086 | 1 |aJS22-80/1997F-PDF |
| 245 | 00|aIsolement préventif : |bcomformité à la loi, équité et efficacité : rapport du Groupe de travail / |c[Groupe de travail] Examen de l'isolement préventif. |
| 264 | 1|a[Ottawa] : |b[Solliciteur général Canada], |cmars 1997. |
| 300 | |a1 ressource en ligne (1 volume (en pagination multiple)) : |bfigures |
| 336 | |atexte|btxt|2rdacontent/fre |
| 337 | |ainformatique|bc|2rdamedia/fre |
| 338 | |aressource en ligne|bcr|2rdacarrier/fre |
| 500 | |aÉdition numérisée de l'imprimé [par Sécurité publique Canada]. |
| 500 | |aPublié aussi en anglais sous le titre : Commitment to legal compliance, fair decisions and effective results : Task Force report. |
| 504 | |aComprend des références bibliographiques. |
| 650 | 6|aEmprisonnement cellulaire|zCanada. |
| 710 | 1 |aCanada. |bSolliciteur général Canada, |eorganisme de publication. |
| 775 | 08|tCommitment to legal compliance, fair decisions and effective results : |w(CaOODSP)9.958258 |
| 856 | 40|qPDF|s3.35 Mo|uhttps://publications.gc.ca/collections/collection_2026/sp-ps/JS22-80-1997-fra.pdf |